Video Games by Picture: D - Statistics

General Stats
  • This quiz has been taken 104 times
  • The average score is 9 of 24
Answer Stats
Picture Answer % Correct
Doom
88%
Donkey Kong Country Returns 3D
81%
Duck Hunt
75%
Detroit: Become Human
69%
Dead Space
56%
Dr. Mario 64
55%
Dance Dance Revolution
46%
Digimon World: Next Order
45%
Devil May Cry
44%
Dead Island
40%
Dead Rising 2
32%
Dead or Alive 2
31%
Destroy All Humans!
29%
Dig Dug
29%
Days Gone
28%
Dying Light
28%
Dirt 3
24%
Driver
24%
Duke Nukem 3D
21%
Dino Crisis
20%
Destiny
16%
Darksiders
14%
Destruction Derby
12%
Dungeon Keeper
7%
No matching quizzes found
Score Distribution
Percent of People with Each Score
Percentile by Number Answered
Your Score History
You have not taken this quiz